|
|
|
|
| LEADER |
00000nab a2200000 a 4500 |
| 001 |
vtls009007273 |
| 003 |
SK-MaSNL |
| 005 |
20260303065436.0 |
| 008 |
140429c2007 xo |||||| ab 000 b|slo |
| 015 |
|
|
|a SNBRB2007/07
|2 snkbucl
|
| 038 |
|
|
|a SNKBUCL
|
| 040 |
|
|
|a SNKBUCL
|b slo
|c SNKBUCL
|e AACR2
|
| 041 |
0 |
|
|a slo
|b eng
|b ger
|
| 044 |
|
|
|a xo
|c SK
|
| 080 |
|
|
|a 904:748.5.033.5
|x (437.6)
|2 1997
|
| 080 |
|
|
|a 748.5.033.5
|x (437.6)
|2 1997
|
| 100 |
1 |
|
|a Cónová, Ilona
|4 aut
|9 310716
|
| 245 |
1 |
0 |
|a Gotická vitráž v Pezinku-Mysleniciach
|c Ilona Cónová, Ingrid Gajdošová
|
| 300 |
|
|
|b Fotogr.
|
| 504 |
|
|
|a Literatúra. Bibliogr. odkazy v poznámkach
|
| 610 |
2 |
7 |
|a Kostol sv. Žigmunda (Pezinok-Myslenice, Slovensko)
|2 snkbucl
|9 1065500
|
| 650 |
0 |
7 |
|a gotika
|2 snkbucl
|9 18863
|
| 650 |
0 |
7 |
|a vitráže
|2 snkbucl
|9 13587
|
| 651 |
|
7 |
|a Grinava (Pezinok, Slovensko)
|2 snkbucl
|9 183798
|
| 651 |
|
7 |
|a Pezinok (Slovensko)
|2 snkbucl
|9 15835
|
| 700 |
1 |
|
|a Gajdošová, Ingrid
|4 aut
|9 314517
|
| 773 |
0 |
|
|t Pamiatky a múzeá
|g Roč. 56, č. 2 (2007), s. 16-19
|x 1335-4353
|
| 852 |
|
|
|a SNK
|b KIS3GCP
|
| 958 |
|
|
|a NB
|
| 958 |
|
|
|a SK
|
| 999 |
|
|
|c 1751214
|d 1753144
|